Derechos y deberes de las enfermeras: definidos por los convenios de Ginebra del 12 de agosto de 1949. Los principios de la Cruz Roja. Extractos de los Convenios de Ginebra y comentarios

Zapisane w:
Opis bibliograficzny
Korporacja: Comité Internacional de la Cruz Roja (Autor)
Format: Książka
Język:hiszpański
Wydane: Ginebra Comité Internacional de la Cruz Roja 1970
Hasła przedmiotowe:
Etykiety: Dodaj etykietę
Nie ma etykietki, Dołącz pierwszą etykiete!

MARC

LEADER 00000nam a2200000 a 4500
001 UCT9524
003 CL-VaPUC
008 970404e19700000SZ |||||||||||||||||spa|d
082 0 4 |a 341.6  |b COM  |2 21 
110 2 |a Comité Internacional de la Cruz Roja  |e author  |9 382320 
245 1 0 |a Derechos y deberes de las enfermeras: definidos por los convenios de Ginebra del 12 de agosto de 1949. Los principios de la Cruz Roja. Extractos de los Convenios de Ginebra y comentarios 
300 |a 47 p 
942 |c BK 
945 |d 19970404 00:00:00  |a lriquelm 
260 |a Ginebra  |b Comité Internacional de la Cruz Roja  |c 1970 
650 7 |a CRUZ ROJA  |2 CL-VaPUC  |9 382321 
650 7 |a COMITE INTERNACIONAL DE LA CRUZ ROJA  |2 CL-VaPUC  |9 382322 
650 7 |a DERECHO HUMANITARIO  |2 CL-VaPUC  |9 344325 
650 7 |a PERSONAL MEDICO  |2 CL-VaPUC  |9 327081 
650 7 |a CONVENCION DE GINEBRA  |2 CL-VaPUC  |9 382301 
583 |a last modification  |c 19970404 00:00:00  |k Rodrigo Vera 
999 |c 257919  |d 257917 
952 |0 0  |1 0  |2 ddc  |4 0  |6 341_600000000000000_COM_1970  |7 0  |8 A  |9 281644  |a BIBDER  |b BIBDER  |d 2019-11-19  |i 1822896  |o 341.6 COM 1970  |p 1822896  |r 2023-01-25  |w 2019-11-19  |y MX  |k DER